| 000 | 01134aam a2200229 i 4500 | ||
|---|---|---|---|
| 003 | KPN | ||
| 005 | 20260424171307.0 | ||
| 008 | 20260424b 00| 0 my d | ||
| 020 |
_a9789673695683 _qpaperback _cRM21.85 |
||
| 040 | _cKPN | ||
| 082 | 0 | 4 |
_a158.1 FAR 2021 _223 |
| 090 | 2 | 0 |
_a158.1 FAR 2021 _bFAR |
| 100 | 0 |
_aFaridah Ghazali, _d1978- _eauthor. |
|
| 245 | 1 | 0 |
_aMinimalis / _cFaridah Ghazali |
| 264 | 1 |
_aBatu Caves, Selangor : _bOpen Bridge Publications Sdn. Bhd., _c2021 |
|
| 300 |
_av, 225 pages ; _c20 cm |
||
| 521 | _aSekiranya mahu ke hadapan, kita perlu bergerak, perlu berubah. Ada kesabaran diperlukan. Kejayaan dalam memiliki ketenangan dan kebahagian bermula dengan menghargai sekecil-kecil perkara. Mempraktikkan minimalis dalam kehidupan akan menghasilkan hidup yang lebih berkualiti, lebih masa, lebih ruang, lebih penghargaan, lebih jimat dan semestinya lebih bebas. Bebaskan diri daripada terperangkap dengan keinginan norma yang tiada batasan. Hidup ini terlalu singkat untuk sesuatu yang sia-sia. | ||
| 650 | 1 | 0 | _aConduct of life |
| 650 | 2 | 0 | _aSimplicity |
| 650 | 2 | 0 | _aSelf-actualization (Psychology) |
| 942 |
_2ddc _c1 _n0 |
||
| 999 |
_c1829 _d1829 |
||